The innovators : the engineering pioneers who made American modern /
This book is about: Iron, Steam, and Early Industry, 1776-1855; Crossing the continent, 1830-1883;...
Zapisane w:
| 1. autor: | |
|---|---|
| Format: | Książka |
| Język: | English |
| Wydane: |
New York :
John Wiley and Sons,
1996.
|
| Hasła przedmiotowe: | |
| Etykiety: |
Dodaj etykietę
Nie ma etykietki, Dołącz pierwszą etykiete!
|
| Thư viện lưu trữ: | Mạng thư viện Đại học Đà Nẵng |
|---|
| LEADER | 01378cam a2200385 i 4500 | ||
|---|---|---|---|
| 001 | 000048752 | ||
| 003 | 8477 | ||
| 005 | 20051111141248.0 | ||
| 008 | 010324b1996 vm 000 eng | ||
| 020 | |a 0471140961 | ||
| 040 | |a IRC |c IRC |d IRC | ||
| 041 | 0 | |a eng | |
| 082 | 1 | 4 | |a 620.00973 |b BI-D |
| 100 | 1 | |a Billington, David P. | |
| 245 | 0 | 4 | |a The innovators : |b the engineering pioneers who made American modern / |c David P. Billington. |
| 260 | |a New York : |b John Wiley and Sons, |c 1996. | ||
| 300 | |a 258 p. ; |c 23.5cm. | ||
| 520 | 3 | |a This book is about: Iron, Steam, and Early Industry, 1776-1855; Crossing the continent, 1830-1883;... | |
| 630 | 0 | 4 | |a Engineering. |
| 630 | 0 | 4 | |a Technological innovations. |
| 650 | 0 | 4 | |a Engineering |z United States |x History. |
| 650 | 0 | 4 | |a Technological innovations |z United States |x History. |
| 650 | 0 | 4 | |a Engineers |z United States. |
| OWN | |a DUT | ||
| AVA | |a UDN50 |b DUT |c Book |d 620.00973 BI-D |e available |t Error 5001 Not defined in file expand_doc_bib_avail. |f 1 |g 0 |h N |i 0 |j SH |k 1 | ||
| 999 | |a From the UDN01 | ||
| AVA | |a UDN50 |b DUT |c Book |d 620.00973 BI-D |e available |t Error 5001 Not defined in file expand_doc_bib_avail. |f 1 |g 0 |h N |i 0 |j SH |k 1 | ||
| TYP | |a Monograph | ||
| TYP | |a Printed language | ||
| 980 | |a Mạng thư viện Đại học Đà Nẵng | ||


